| Tag |
First Indicator |
Second Indicator |
Subfields |
| LEADER |
00000cam a2200000 4500 |
| 001 |
in00001938413 |
| 006 |
m | d | |
| 007 |
cr |n||||||||n |
| 008 |
820313s1790 enk|||| s 00||||eng d |
| 005 |
20260406222409.7 |
| 035 |
|
|
|a (CStRLIN)ESTCT139158
|
| 040 |
|
|
|a Uk-ES
|c Uk-ES
|d CStRLIN
|d Thomson Gale
|d UtOrBLW
|
| 245 |
0 |
4 |
|a The whim of the day, (for 1790) :
|b containing an entertaining selection of the choicest and most approved songs, ... To which is added, a collection of much esteemed toasts and sentiments.
|
| 250 |
|
|
|a Second edition, greatly improved.
|
| 264 |
|
3 |
|a London :
|b printed for J. Roach, and sold by all the booksellers in Great-Britain, and Ireland,
|c [1790]
|
| 300 |
|
|
|a 120p., plate ;
|c 12⁰.
|
| 336 |
|
|
|a text
|b txt
|2 rdacontent
|
| 337 |
|
|
|a computer
|b c
|2 rdamedia
|
| 338 |
|
|
|a online resource
|b cr
|2 rdacarrier
|
| 500 |
|
|
|a Plate dated: Jan. 18th. 1790.
|
| 500 |
|
|
|a Reproduction of original from the British Library.
|
| 510 |
4 |
|
|a English Short Title Catalog,
|c ESTCT139158.
|
| 533 |
|
|
|a Electronic reproduction.
|b Farmington Hills, Mich. :
|c Thomson Gale,
|d 2003.
|n Available via the World Wide Web.
|n Access limited by licensing agreements
|7 s2003 miunns
|
| 500 |
|
|
|a Electronic resource.
|
| 830 |
|
0 |
|a Eighteenth century collections online.
|
| 856 |
4 |
0 |
|u http://proxy.library.tamu.edu/login?url=https://galenet.galegroup.com/servlet/ECCO?c=1&stp=Author&ste=11&af=BN&ae=T139158&tiPG=1&dd=0&dc=flc&docNum=CW115795645&vrsn=1.0&srchtp=a&d4=0.33&n=10&SU=0LRK&locID=txshracd2898
|z Full text online
|t 0
|
| 999 |
|
|
|a MARS
|
| 999 |
f |
f |
|s 326356c7-ca4f-3006-b4a0-2995d5de4bde
|i 2805fc86-6d8f-3a6a-894a-07e51a5b03aa
|t 0
|
| 952 |
f |
f |
|a Texas A&M University
|b College Station
|c Electronic Resources
|s www_evans
|d Available Online
|t 0
|h No information provided
|
| 998 |
f |
f |
|t 0
|l Available Online
|